<?xml version="1.0" encoding="UTF-8"?>
<record
    xmlns:xsi="http://www.w3.org/2001/XMLSchema-instance"
    xsi:schemaLocation="http://www.loc.gov/MARC21/slim http://www.loc.gov/standards/marcxml/schema/MARC21slim.xsd"
    xmlns="http://www.loc.gov/MARC21/slim">

  <leader>01637nam a22002897a 4500</leader>
  <controlfield tag="005">20081014114942.0</controlfield>
  <controlfield tag="008">081014t        xxu||||| |||| 00| 0 hin d</controlfield>
  <datafield tag="010" ind1=" " ind2=" ">
    <subfield code="a">HIN-84391</subfield>
  </datafield>
  <datafield tag="020" ind1=" " ind2=" ">
    <subfield code="c">395.00</subfield>
    <subfield code="a">9788181437044</subfield>
  </datafield>
  <datafield tag="035" ind1=" " ind2=" ">
    <subfield code="a">HN-56737</subfield>
  </datafield>
  <datafield tag="037" ind1=" " ind2=" ">
    <subfield code="b">DBAD / PUB</subfield>
  </datafield>
  <datafield tag="040" ind1=" " ind2=" ">
    <subfield code="a">DPL</subfield>
    <subfield code="b">HN</subfield>
  </datafield>
  <datafield tag="082" ind1=" " ind2=" ">
    <subfield code="a">306.760954</subfield>
  </datafield>
  <datafield tag="245" ind1=" " ind2=" ">
    <subfield code="a">&#x915;&#x93E;&#x92E;&#x938;&#x942;&#x924;&#x94D;&#x930; &#x938;&#x947; &#x915;&#x93E;&#x92E;&#x938;&#x942;&#x924;&#x94D;&#x930; &#x924;&#x915;&#x903; &#x906;&#x927;&#x941;&#x928;&#x93F;&#x915; &#x92D;&#x93E;&#x930;&#x924; &#x915;&#x947; &#x938;&#x947;&#x915;&#x94D;&#x936;&#x941;&#x905;&#x932;&#x93F;&#x91F;&#x940; &#x915;&#x947; &#x938;&#x930;&#x94B;&#x915;&#x93E;&#x930; /</subfield>
    <subfield code="c">&#x92E;&#x948;&#x930;&#x940; &#x908;. &#x91C;&#x949;&#x928; &#x914;&#x930; &#x91C;&#x93E;&#x928;&#x915;&#x940; &#x928;&#x93E;&#x92F;&#x930; &#x926;&#x94D;&#x935;&#x93E;&#x930;&#x93E; &#x938;&#x902;&#x92A;&#x93E;&#x926;&#x93F;&#x924; &#x90F;&#x935;&#x902; &#x905;&#x92D;&#x92F; &#x915;&#x941;&#x92E;&#x93E;&#x930; &#x926;&#x941;&#x92C;&#x947; &#x926;&#x94D;&#x935;&#x93E;&#x930;&#x93E; &#x905;&#x928;&#x941;&#x926;&#x93F;&#x924;</subfield>
  </datafield>
  <datafield tag="260" ind1=" " ind2=" ">
    <subfield code="a">&#x928;&#x908; &#x926;&#x93F;&#x932;&#x94D;&#x932;&#x940;</subfield>
    <subfield code="b">&#x935;&#x93E;&#x923;&#x940; &#x92A;&#x94D;&#x930;&#x915;&#x93E;&#x936;&#x928;</subfield>
    <subfield code="c">2008</subfield>
  </datafield>
  <datafield tag="270" ind1=" " ind2=" ">
    <subfield code="a">4697/5, 21&#x90F;, &#x926;&#x930;&#x93F;&#x92F;&#x93E;&#x917;&#x902;&#x91C;</subfield>
    <subfield code="b">&#x928;&#x908; &#x926;&#x93F;&#x932;&#x94D;&#x932;&#x940;</subfield>
    <subfield code="e">110002</subfield>
  </datafield>
  <datafield tag="300" ind1=" " ind2=" ">
    <subfield code="a">279&#x92A;&#x943;</subfield>
    <subfield code="c">22&#x938;&#x947;&#x92E;&#x940; (&#x938;&#x91C;&#x93F;&#x932;&#x94D;&#x926;)</subfield>
  </datafield>
  <datafield tag="650" ind1=" " ind2=" ">
    <subfield code="a">&#x938;&#x947;&#x915;&#x94D;&#x938; &#x928;&#x93F;&#x930;&#x94D;&#x926;&#x947;&#x936;</subfield>
    <subfield code="x">&#x938;&#x93E;&#x92E;&#x93E;&#x91C;&#x93F;&#x915; &#x92A;&#x930;&#x93F;&#x92A;&#x947;&#x915;&#x94D;&#x937;&#x94D;&#x92F; &#x92E;&#x947;&#x902;</subfield>
    <subfield code="z">&#x92D;&#x93E;&#x930;&#x924;</subfield>
  </datafield>
  <datafield tag="650" ind1=" " ind2=" ">
    <subfield code="a">sex instructions</subfield>
    <subfield code="x">Social aspects</subfield>
    <subfield code="z">India</subfield>
  </datafield>
  <datafield tag="650" ind1=" " ind2=" ">
    <subfield code="a">&#x938;&#x947;&#x915;&#x94D;&#x938; &#x938;&#x902;&#x92C;&#x902;&#x927;&#x940; &#x928;&#x93F;&#x92F;&#x92E;</subfield>
  </datafield>
  <datafield tag="650" ind1=" " ind2=" ">
    <subfield code="a">Sexual ethics</subfield>
  </datafield>
  <datafield tag="700" ind1=" " ind2=" ">
    <subfield code="a">&#x92E;&#x948;&#x930;&#x940; &#x908;. &#x91C;&#x949;&#x928;</subfield>
  </datafield>
  <datafield tag="700" ind1=" " ind2=" ">
    <subfield code="a">&#x928;&#x93E;&#x92F;&#x930;, &#x92E;&#x948;&#x930;&#x940; &#x908;. &#x91C;&#x949;&#x928; </subfield>
  </datafield>
  <datafield tag="700" ind1=" " ind2=" ">
    <subfield code="a">&#x926;&#x941;&#x92C;&#x947;, &#x905;&#x92D;&#x92F; &#x915;&#x941;&#x92E;&#x93E;&#x930;</subfield>
  </datafield>
  <datafield tag="942" ind1=" " ind2=" ">
    <subfield code="2">ddc</subfield>
    <subfield code="c">HN</subfield>
    <subfield code="m">&#x915;&#x93E;&#x92E;&#x938;&#x942;</subfield>
    <subfield code="h">306.760954</subfield>
  </datafield>
  <datafield tag="999" ind1=" " ind2=" ">
    <subfield code="c">16683</subfield>
    <subfield code="d">16683</subfield>
  </datafield>
  <datafield tag="952" ind1=" " ind2=" ">
    <subfield code="0">0</subfield>
    <subfield code="1">0</subfield>
    <subfield code="2">ddc</subfield>
    <subfield code="4">0</subfield>
    <subfield code="7">1</subfield>
    <subfield code="8">NFIC</subfield>
    <subfield code="a">DBAD</subfield>
    <subfield code="b">DBAD</subfield>
    <subfield code="d">2008-10-14</subfield>
    <subfield code="e">DBAD / PUB</subfield>
    <subfield code="g">395.00</subfield>
    <subfield code="l">0</subfield>
    <subfield code="o">306.760954 &#x915;&#x93E;&#x92E;&#x938;&#x942;</subfield>
    <subfield code="p">HN-56737</subfield>
    <subfield code="r">2008-10-14 00:00:00</subfield>
    <subfield code="t">1</subfield>
    <subfield code="v">395.00</subfield>
    <subfield code="w">2008-10-14</subfield>
    <subfield code="y">HN</subfield>
  </datafield>
</record>
